<?xml version="1.0" encoding="UTF-8"?><?xml-stylesheet type="text/xsl" href="static/style.xsl"?><OAI-PMH xmlns="http://www.openarchives.org/OAI/2.0/" xmlns:xsi="http://www.w3.org/2001/XMLSchema-instance" xsi:schemaLocation="http://www.openarchives.org/OAI/2.0/ http://www.openarchives.org/OAI/2.0/OAI-PMH.xsd"><responseDate>2026-06-29T02:50:49Z</responseDate><request verb="GetRecord" identifier="oai:docta.ucm.es:20.500.14352/121519" metadataPrefix="marc">https://docta.ucm.es/rest/oai/request</request><GetRecord><record><header><identifier>oai:docta.ucm.es:20.500.14352/121519</identifier><datestamp>2025-06-19T00:09:34Z</datestamp><setSpec>com_20.500.14352_14</setSpec><setSpec>col_20.500.14352_15</setSpec></header><metadata><record xmlns="http://www.loc.gov/MARC21/slim" xmlns:dcterms="http://purl.org/dc/terms/" xmlns:xsi="http://www.w3.org/2001/XMLSchema-instance" xmlns:doc="http://www.lyncode.com/xoai" xsi:schemaLocation="http://www.loc.gov/MARC21/slim http://www.loc.gov/standards/marcxml/schema/MARC21slim.xsd">
   <leader>00925njm 22002777a 4500</leader>
   <datafield ind2=" " ind1=" " tag="042">
      <subfield code="a">dc</subfield>
   </datafield>
   <datafield ind2=" " ind1=" " tag="720">
      <subfield code="a">Sánchez Sanz, Arturo</subfield>
      <subfield code="e">author</subfield>
   </datafield>
   <datafield ind2=" " ind1=" " tag="260">
      <subfield code="c">2018-11-01</subfield>
   </datafield>
   <datafield ind2=" " ind1=" " tag="520">
      <subfield code="a">RESUMEN: El universo amazónico abarca innumerables temas (género, mitología, arqueología, relaciones sociales, la visión del «Otro», la guerra, la autoctonía, etc. En definitiva, una sociedad exclusivamente femenina, o donde las mujeres controlan todas los ámbitos es considerada un matriarcado (al margen de conceptos como la matrilinealidad, matrilocalidad o ambas). Ha llenado páginas, no solo en la Antigüedad, y ha permanecido en la mente humana durante milenios. El surgimiento de las teorías matriarcales en el siglo XIX sirvió para retomar una discusión sobre el género, dormida pero nunca olvidada, que influyó enormemente en los primeros análisis contemporáneos sobre uno de los más conocidos mitos griegos. Muchos de los postulados que surgieron entonces, como el matriarcado o la existencia de una Gran Diosa Madre primigenia, hoy superados, aún siguen siendo defendidos por diversos autores para avalar la supuesta existencia real de una sociedad con esas características que merecen un análisis crítico.</subfield>
   </datafield>
   <datafield ind1="8" ind2=" " tag="024">
      <subfield code="a">Sánchez Sanz, A. (2018). El desarrollo teórico del matriarcado en el siglo XIX y los primeros estudios sobre el mito amazónico. Boletín del Museo Arqueológico Nacional, 37, 221-238.</subfield>
   </datafield>
   <datafield ind1="8" ind2=" " tag="024">
      <subfield code="a">2341-3409.</subfield>
   </datafield>
   <datafield ind1="8" ind2=" " tag="024">
      <subfield code="a">https://hdl.handle.net/20.500.14352/121519</subfield>
   </datafield>
   <datafield ind1="8" ind2=" " tag="024">
      <subfield code="a">0212-5544</subfield>
   </datafield>
   <datafield ind1="8" ind2=" " tag="024">
      <subfield code="a">https://www.man.es/man/estudio/publicaciones/boletin-info/2010-2019/2018-37-13-sanchez-info.html</subfield>
   </datafield>
   <datafield ind2="0" ind1="0" tag="245">
      <subfield code="a">El desarrollo teórico del matriarcado en el s. XIX y los primeros estudios sobre el mito amazónico”; Boletín del Museo Arqueológico Nacional 37, pp. 221-237. OA. ISSN: 2341-3409.</subfield>
   </datafield>
   <datafield ind2="0" ind1="0" tag="245">
      <subfield code="a">The theoretical development of matriarchy in 19th century and first studies about amazon myth</subfield>
   </datafield>
</record></metadata></record></GetRecord></OAI-PMH>